000
00388nam a22001577a 4500
003
MPLRDC
005
20220104153735.0
008
210129b ||||| |||| 00| 0 eng d
082
_a
690.35 LLA
100
_a
李禄安、范立人主编
245
_a
旅游便览
_c
260
_a
_b
中国云南省旅游局编
_c
300
_b
平
650
_a
中国游记
942
_c
BK
_o
690.35 LLA
999
_c
53593
_d
53583